Closest Star Systems to Earth - Statistics

General Stats
  • This quiz has been taken 6 times
  • The average score is 10 of 50
Answer Stats
Distance Star-System % Correct
4.3 ly Alpha Centauri
100%
6.0 ly Barnard's Star
60%
8.6 ly Sirius
60%
11.4 ly Procyon
40%
11.9 ly Tau Ceti
40%
14.4 ly 2MASS J154043.42-510135.7
20%
11.4 ly 61 Cygni
20%
13.2 ly DEN 1048-3956
20%
11.8 ly DX Cancri
20%
10.5 ly Epsilon Eridani
20%
11.8 ly Epsilon Indi
20%
11.3 ly EZ Aquarii
20%
12.0 ly GJ 1061
20%
14.2 ly Gliese 1
20%
14.8 ly Gliese 674
20%
14.8 ly Gliese 687
20%
11.6 ly Groombridge 34
20%
12.8 ly Kapteyn's Star
20%
13.1 ly Kruger 60
20%
14.5 ly L 1159-16
20%
12.9 ly Lacaille 8760
20%
10.7 ly Lacaille 9352
20%
8.3 ly Lalande 21185
20%
14.8 ly LHS 292
20%
8.7 ly Luyten 726-8
20%
12.4 ly Luyten's Star
20%
10.9 ly Ross 128
20%
9.7 ly Ross 154
20%
10.3 ly Ross 248
20%
13.3 ly Ross 614
20%
12.6 ly SCR 1845-6357
20%
11.5 ly Struve 2398
20%
12.5 ly Teegarden's Star
20%
13.3 ly UGPS 0722-05
20%
14.1 ly Van Maanen's Star
20%
12.1 ly WISE 0350-5658
20%
13.0 ly WISE 0535-7500
20%
11.1 ly WISE 1506+7027
20%
13.8 ly Wolf 1061
20%
7.8 ly Wolf 359
20%
14.3 ly Wolf 424
20%
12.1 ly YZ Ceti
20%
14.8 ly G 208-44
0%
15.3 ly GJ 1002
0%
15.8 ly Gliese 412
0%
15.1 ly Gliese 440
0%
15.3 ly Gliese 876
0%
15.6 ly LHS 288
0%
6.6 ly Luhman 16
0%
7.4 ly WISE 0855-0714
0%
No matching quizzes found
Score Distribution
Percent of People with Each Score
Percentile by Number Answered
Your Score History
You have not taken this quiz